Namenszusätze aller Bundesligisten jemals - Statistiken

Allgemein
  • Dieses Quiz wurde 1.461 mal gespielt
    683 seit der letzten Aktualisierung
  • Das Durchschnittsergebnis liegt bei 13 aus 22
Antwortstatistiken
Anzahl Vereinsname % Korrekt
4 Borussia
92%
2 Bayer
86%
2 Eintracht
77%
1 Union
77%
1 Hertha
70%
1 Werder
67%
1 Dynamo
66%
1 Bayern
65%
2 Fortuna
62%
1 Hansa
58%
1 Holstein
56%
1 Greuther
54%
2 Rot-Weiss
51%
1 Alemannia
50%
2 Kickers
50%
1 Energie
49%
1 Preußen
49%
1 Arminia
47%
1 Tasmania
43%
1 Waldhof
39%
1 Tennis
38%
1 Blau-Weiß
36%
Keine übereinstimmenden Quizze gefunden
Verteilung der Resultate
Anzahl Personen mit jedem Resultat
Perzentil nach korrekt beantworteten Fragen
Ihre Resultats-Entwicklung
Sie haben dieses Quiz seit der letzten Aktualisierung nicht gespielt